000 00416ntaaa2200169 4500
003 01
005 20251027201942.0
008 0714s1973 ag 01
040 _aAR-BaBN
_bspa
_cAR-BaBN
_eaacr
_dRIC
082 _a248.0000 C34
100 _aCahfer, Lewis Sperry
_918113
245 _aHombre especial
250 _a1 ed. :
_bTipografĂ­a IndĂ­gena,
_c1948
300 _a170 p.
650 _aVida Cristiana
942 _cBK
999 _c14253
_d14253